Antorastrio samparka (Record no. 8639)

MARC details
000 -LEADER
fixed length control field 00519cam a2200205ua 4500
001 - CONTROL NUMBER
control field 9619
005 - DATE AND TIME OF LATEST TRANSACTION
control field 20260515114511.0
008 - FIXED-LENGTH DATA ELEMENTS--GENERAL INFORMATION
fixed length control field 160310n ii |||gr||||Z||||||asm
020 ## - INTERNATIONAL STANDARD BOOK NUMBER
International Standard Book Number 9788173391416
040 ## - CATALOGING SOURCE
Transcribing agency MAIN
041 ## - LANGUAGE CODE
Language code of text/sound track or separate title asm
082 ## - DEWEY DECIMAL CLASSIFICATION NUMBER
Classification number 327
100 ## - MAIN ENTRY--PERSONAL NAME
Personal name Chakravarty, Dilip Kumar,
Relator term Author.
245 1# - TITLE STATEMENT
Title Antorastrio samparka
Statement of responsibility, etc. by Dilip Kumar Chakravarty
250 ## - EDITION STATEMENT
Edition statement 5th rev. & enl. ed.
260 ## - PUBLICATION, DISTRIBUTION, ETC.
Place of publication, distribution, etc. Dibrugarh:
Name of publisher, distributor, etc. Banalata,
Date of publication, distribution, etc. 2016.
300 ## - PHYSICAL DESCRIPTION
Extent 462p.
653 ## - INDEX TERM--UNCONTROLLED
Uncontrolled term International relations
942 ## - ADDED ENTRY ELEMENTS (KOHA)
Koha item type Books
Holdings
Withdrawn status Lost status Damaged status Not for loan Home library Current library Shelving location Date acquired Total checkouts Full call number Barcode Date last seen Date last checked out Copy number Price effective from Koha item type
        Naharkatiya College Library Naharkatiya College Library General stacks 09/19/2020 1 327 | CHA 23152 01/04/2022 12/30/2021 2 09/19/2020 Books
        Naharkatiya College Library Naharkatiya College Library General stacks 09/19/2020 2 327 | CHA 23153 05/24/2023 05/22/2023 1 09/19/2020 Books